00512nam a2200193 a 4500001001300000003000900013005001700022008004100039020001400080082001500094100001800109245005000127260004300177300000900220500003500229505001000264650002100274650002300295nice12345678IN_TiNIC20260116013958.0050524s1993 cama grp 000 0 eng  ac1269.6500a297.4bADD aAddas, Claude aQuest for the Red Sulphurb Life of Ibn`arabi aCambridgebIslamic Texts Societyc1993 a347p aincludes index and biblioraphy2 aIndex aSufism-Ibn Arabi aSufism-Hagiography